000 00502nam a22001577a 4500
005 20251108171826.0
008 250721s1987 xx 000 0 ara d
082 1 4 _aط/780/حسي
100 1 _aقدوري، حسين
245 1 0 _aالموسوعة الموسيقية الصغيرة /
264 1 _aبغداد :
_bوزارة الثقافة و الإعلام - دار ثقافة الأطفال،
_c1987.
300 _a256ص : مص
650 1 7 _aالموسيقى
942 _2ddc
_cBK
999 _c63552
_d63552